Historia de la revolución francesa / (Record no. 6625)

000 -CABECERA
fixed length control field 01155nam a22002057a 4500
003 - IDENTIFICADOR DEL NÚMERO DE CONTROL
control field AR-CdUCM
008 - DATOS DE LONGITUD FIJA--INFORMACIÓN GENERAL
fixed length control field 190318b ||||| |||| 00| 0 spa d
040 ## - FUENTE DE LA CATALOGACIÓN
Agencia/entidad que catalogó originalmente la obra MUNICIPALIDAD PROVINCIAL DEL CUSCO
Entidad que transcribió la catalogación BIBLIOTECA MUNICIPAL DEL CUSCO
082 ## - NÚMERO DE LA CLASIFICACIÓN DECIMAL DEWEY
No. de Clasificación 944.04 /
Notacion interna T43
100 ## - ENTRADA PRINCIPAL--NOMBRE DE PERSONA
Nombre Personal Thiers M. A.
245 ## - MENCIÓN DE TÍTULO
Título Historia de la revolución francesa /
260 ## - PUBLICACIÓN, DISTRIBUCIÓN, ETC.
Lugar de publicación, distribución, etc. México :
Nombre de la editorial, distribuidor, etc. Edit. Nacional Edinal,
Fecha de publicación, distribución, etc. 1960.
300 ## - DESCRIPCIÓN FÍSICA
Nº de Páginas Extensión 12 tomos ;
Dimensiones 17 cm.
505 ## - NOTA DE CONTENIDO CON FORMATO
Nota de contenido formateada Contenido :t.1:Poderes otorgados a las municipalidades --t.2:Posición del Duque de Orleans --t.3:Asamblea constituyente --t.4:Asamblea cnstituyente --t.5:Sumision voluntaria de algunos diputados al decreto de junio --t.6:Persecuciones contra los sospechosos --t.7:Exito en Flandes --t.8:Holanda y España ofrecen la paz --t.9:Barras Nombrado General del ejercito del Interior --t.10:Constancia de Jourdan en Wurtzburgo --t.11:Ofertas hechas por lord Malmesbury en nombre de Inglaterra --t.12:Rapida reiterada de Scherer después de la batalla de Magnano /
650 ## - PUNTO DE ACCESO ADICIONAL DE MATERIA--TÉRMINO DE MATERIA
Descriptor Revolución francesa
9 (RLIN) 1606
700 ## - PUNTO DE ACCESO ADICIONAL--NOMBRE DE PERSONA
Nombre Personal Luis Guzman (traductor)
9 (RLIN) 18638
942 ## - ELEMENTOS DE PUNTO DE ACCESO ADICIONAL (KOHA)
Fuente de clasificación
Tipo de item Libros-BMC
945 ## - PROCESAMIENTO DE INFORMACIÓN LOCAL (OCLC)
Catalogador rjall
Holdings
Estado de retiro (separado) Fuente de clasificación o esquema de estanterías Estado dañado Ubicación Sala donde se ubica Nombre de la colección Fecha de adquisición o compra Costo, precio normal en soles Signatura topográfica Código de Barras Última vez visto (Koha) Tipo de ítem (Koha)
No     Sala Humanidades Sala Humanidades Book Cart 2019-03-18 25.00 944.04 / T43 / t.3 / t.4 SH0000007787 2019-03-18 Libros-BMC
No     Sala Humanidades Sala Humanidades Book Cart 2019-03-18 25.00 944.04 / T43 / t.5 / t.6 SH0000007789 2019-03-18 Libros-BMC
No     Sala Humanidades Sala Humanidades Book Cart 2019-05-13   944.04 / T43 / t.7 / t.8 SH0000007790 2019-05-13 Libros-BMC
No     Sala Humanidades Sala de Infantes Book Cart 2019-03-18 25.00 944.04 / T43 / t.1 / t.2 SH0000007788 2019-03-18 Libros-BMC
No     Sala Humanidades Sala de Infantes Book Cart 2019-03-18 25.00 944.04 / T43 / t.9 / t.10 SH0000007791 2019-03-18 Libros-BMC
No     Sala Humanidades Sala de Infantes Book Cart 2019-03-18 25.00 944.04 / T43 / t.11 / t.12 SH0000007792 2019-03-18 Libros-BMC

Powered by Koha